Voľby a volebné správanie politických strán a občanov vo vybranej krajine diplomová práca

Gespeichert in:
Bibliographische Detailangaben
1. Verfasser: Herelová, Nina
Körperschaft: Národohospodárska fakulta EU. Katedra ekonómie
Weitere Verfasser: Lennerová, Ivana, 1979-
Format: Buch
Sprache:Slowakisch
Veröffentlicht: Bratislava 2017
Tags: Tag hinzufügen
Keine Tags, Fügen Sie das erste Tag hinzu!

MARC

LEADER 00000nbm a2200000 4500
001 0231966
005 20171003132807.2
041 0 |a slo 
044 |a SK 
245 1 0 |a Voľby a volebné správanie politických strán a občanov vo vybranej krajine  |b diplomová práca  |c Nina Herelová ; školiteľ: Ivana Lennerová 
264 1 |a Bratislava  |c 2017 
300 |a 89 s. 
100 1 |a Herelová, Nina 
700 1 |a Lennerová, Ivana, 1979- 
710 2 |a Národohospodárska fakulta EU. Katedra ekonómie